| 000 | 00365nam a2200157Ia 4500 | ||
|---|---|---|---|
| 008 | 221030s9999 xx 000 0 und d | ||
| 020 | _a0333932404 | ||
| 041 | _aEnglish | ||
| 082 |
_a105.23 _bKal |
||
| 100 | _aP. S. Kalsi | ||
| 245 | 0 | _aText Book of Organic Chemistry | |
| 260 |
_bMacmillan _aMumbai _c1999 |
||
| 300 | _a562 | ||
| 650 | _aChemistry | ||
| 942 | _cBK | ||
| 999 |
_c1756 _d1756 |
||